000 00637nam a2200181 i 4500
001 76969
003 ES-MaACL
005 20230906173033.0
007 t|
008 041006s1908 sp ||||1| spa d
100 1 _aGurwitsch, Alejandro.
_961008
245 1 0 _aAtlas-manual de Embriología de los vertebrados y del hombre /
_cpor Alejandro Gurwitsch ; traducción del alemán por J. Pou-Orfila ; con un prólogo de Chr. Jakob.
260 _aMadrid :
_b[s.n.,
_c1908] (
_fE. Raso)
300 _aXXIV, 335 p., 55 lám. :
_bil. ;
_c20 cm.
700 1 _aPou-Orfila, J.
_993414
700 1 _aJakob, Chr.
_965940
852 _aES-MaACL
_jB-11984
999 _c76969
_d76969